000 00727nam a2200241Ia 4500
003 OSt
005 20220918191053.0
006 a|||||r|||| 00| 0
007 ta
008 220917b |||||||| |||| 00| 0 eng d
024 _a61,274
037 _cTextual
040 _aARTS
_cARTS
_beng
041 _2eng
_aeng
082 _aQ60aY15.N7, M4
100 _aWitherington III Ben
_974808
245 0 _aWomen in the ministry of Jesus
_b a study of Jesus attitudes to women and their roles as refelected in hist early life
260 _aCambridge
_bCUP UK
_c1984
300 _axi,221p.
_ccm.
650 _aRELIGION
942 _hQ60aY15.N7, M4
_cTEXL
_2CC
999 _c188136
_d188136